Artificial Intelligence / (Record no. 49100)

MARC details
000 -LEADER
fixed length control field 00851nam a22002417a 4500
005 - DATE AND TIME OF LATEST TRANSACTION
control field 20101213113044.0
008 - FIXED-LENGTH DATA ELEMENTS--GENERAL INFORMATION
fixed length control field 101213t xxu||||| |||| 00| 0 eng d
010 ## - LCCN (DPL NO)
LC control number ENG-101787
020 ## - INTERNATIONAL STANDARD BOOK NUMBER
Terms of availability 325.00
International Standard Book Number 9788120338494
035 ## - SYSTEM CONTROL NUMBER
System control number EN-85320
037 ## - SOURCE OF ACQUISITION
Source of stock number/acquisition DBAD / PUB
040 ## - CATALOGING SOURCE
Original cataloging agency dpl
Language of cataloging Eng
082 ## - DEWEY DECIMAL CLASSIFICATION NUMBER
Classification number 006.3
100 ## - MAIN ENTRY--PERSONAL NAME
Personal name Mishra, R.B.
9 (RLIN) 24733
245 1# - TITLE STATEMENT
Title Artificial Intelligence /
Statement of responsibility, etc by R.B. Mishra
260 ## - PUBLICATION, DISTRIBUTION, ETC. (IMPRINT)
Place of publication, distribution, etc New Delhi
Name of publisher, distributor, etc Prentice-Hall of India
Date of publication, distribution, etc 2011
270 ## - ADDRESS
Address M-97, Connaught Circus,
City New Delhi
Postal code 110 001
300 ## - PHYSICAL DESCRIPTION
Extent xxiii, 503p.
Dimensions 24cm (pbk)
500 ## - GENERAL NOTE
General note Includes biblographical references and index
700 ## - ADDED ENTRY--PERSONAL NAME
9 (RLIN) 24734
942 ## - ADDED ENTRY ELEMENTS (KOHA)
Institution code [OBSOLETE] dpl
Item type English Books
Source of classification or shelving scheme Dewey Decimal Classification
Classification part 006.3
Call number suffix MIS
Holdings
Withdrawn status Lost status Source of classification or shelving scheme Damaged status Not for loan Collection code Home library Current library Date acquired Source of acquisition Cost, normal purchase price Total Checkouts Full call number Barcode Date last seen Copy number Cost, replacement price Koha item type
    Dewey Decimal Classification   Not For Loan Non-fiction D.B.Act.Division D.B.Act.Division 13/12/2010 DBAD/PUB 325.00   006.3 MIS EN-85320 13/12/2010 1 325.00 English Books

© Delhi Public Library
Hit Counter
free hit counter